000 00366 a2200157 4500
001 75265
020 _a9788506157662
040 _cAnchieta - Colégio São Paulo
100 _aGewandsznajder, Fernando
240 1 0 _aProjeto Teláris
_lpor
245 1 0 _aProjeto Teláris
300 _a352
362 0 _a2013
650 4 _aCiência da vida - Biologia
942 _cBK
999 _c75265
_d75265